Sports Quiz

Random Sports Quiz

Baltimore Orioles playoff home runs Quiz Stats

Quiz not verified by Sporcle

Challenge
Share
Tweet
Embed
Score 0/100 Timer 10:00
0 Plays Today
Hint Answer % Correct
1966 World Series Game 1Frank Robinson
97.4%
1966 Wrold Series Game 1Brooks Robinson
97.4%
1966 World Series Game 3Frank Robinson
97.4%
1969 ALCS Game 1Frank Robinson
97.4%
1969 World Series Game 5Frank Robinson
97.4%
1970 ALCS Game 2Frank Robinson
97.4%
1970 World Series Game 1Brooks Robinson
97.4%
1970 World Series Game 3Frank Robinson
97.4%
1970 World Series Game 4Brooks Robinson
97.4%
1970 World Series Game 5Frank Robinson
97.4%
1971 ALCS Game 2Brooks Robinson
97.4%
1971 World Series Game 1Frank Robinson
97.4%
1971 World Series Game 3Frank Robinson
97.4%
1974 ALCS Game 1Brooks Robinson
97.4%
1997 ALCS Game 2Cal Ripken Jr.
97.4%
1979 ALCS Game 2Eddie Murray
93.4%
1979 World Series Game 2Eddie Murray
93.4%
1983 ALCS Game 3Eddie Murray
93.4%
1983 World Series Game 5Eddie Murray
93.4%
1983 World Series Game 5Eddie Murray
93.4%
1996 ALCS Game 5Eddie Murray
93.4%
2014 ALCS Game 2Adam Jones
90.8%
1969 ALCS Game 1Boog Powell
89.5%
1970 ALCS Game 1Boog Powell
89.5%
1970 World Series Game 1Boog Powell
89.5%
1970 World Series Game 2Boog Powell
89.5%
1971 ALCS Game 2Boog Powell
89.5%
1971 ALCS Game 2Boog Powell
89.5%
1997 ALCS Game 5Eric Davis
88.2%
2012 ALDS Game 3Manny Machado
80.3%
1996 ALDS Game 4Rafeal Palmeiro
78.9%
1996 ALCS Game 1Rafeal Palmeiro
78.9%
1996 ALCS Game 2Rafeal Palmeiro
78.9%
1997 ALCS Game 4Rafeal Palmeiro
78.9%
Hint Answer % Correct
2016 AL Wild Card GameMark Trumbo
78.8%
1983 World Series Game 5Rick Dempsey
75%
1966 World Series Game 3Paul Blair
72.4%
1969 ALCS Game 3Paul Blair
72.4%
1970 ALCS Game 2Davey Johnson
72.4%
1970 ALCS Game 3Davey Johnson
72.4%
1974 ALCD Game 1Paul Blair
72.4%
2014 ALDS Game 1Nelson Cruz
72.4%
2014 ALDS Game 3Nelson Cruz
72.4%
1996 ALDS Game 1Brady Anderson
71.1%
1996 ALDS Game 2Brady Anderson
71.1%
1996 ALCS Game 1Brady Anderson
71.1%
1997 ALDS Game 2Brady Anderson
71.1%
1997 ALCS Game 1Brady Anderson
71.1%
1997 ALCS Game 4Brady Anderson
71.1%
1969 ALCS Game 1Mark Belanger
68.4%
1979 ALCS Game 1John Lowenstein
64.5%
1983 World Series Game 2John Lowenstein
64.5%
1996 ALDS Game 4Roberto Alomar
63.2%
1997 ALCS Game 1Roberto Alomar
63.2%
2014 ALDS Game 1J.J. Hardy
63.2%
1973 ALCS Game 4Bobby Grich
59.2%
1974 ALCS Game 1Bobby Grich
59.2%
1996 ALCS Game 4Chris Hoiles
59.2%
1997 ALDS Game 1Chris Hoiles
59.2%
2014 ALDS Game 2Nick Markakis
57.9%
1979 World Series Game 1Doug Decinces
56.6%
1970 World Series Game 1Elrod Hendricks
52.6%
1971 ALCS Game 2Elrod Hendricks
52.6%
1969 World Series Game 1Don Buford
50%
1970 ALCS Game 1Don Buford
50%
1970 World Series Game 3Don Buford
50%
1971 World Series Game 1Don Buford
50%
1971 World Series Game 6Don Buford
50%
Hint Answer % Correct
1996 ALDS Game 1B.J. Surhoff
50%
1996 ALDS Game 1B.J. Surhoff
50%
1996 ALDS Game 3B.J. Surhoff
50%
1979 World Series Game 7Rich Dauer
44.7%
1996 ALDS Game 1Bobby Bonilla
44.7%
1996 ALDS Game 4Bobby Bonilla
44.7%
1996 ALCS Game 5Bobby Bonilla
44.7%
1973 ALCS Game 4Andy Etchebarren
43.4%
1983 ALCS Game 2Gary Roenicke
43.4%
1969 World Series Game 5Dave McNally
39.5%
1970 World Series Game 3Dave McNally
39.5%
1997 ALDS Game 2Harold Baines
39.5%
1997 ALCS Game 4Harold Baines
39.5%
1970 World Series Game 5Merv Rettenmund
38.2%
1971 World Series Game 1Merv Rettenmund
38.2%
1973 ALCS Game 3Earl Williams
36.8%
1983 World Series Game 3Dan Ford
36.8%
2012 ALDS Game 4Nate McLouth
31.6%
1970 ALCS Game 1Mike Cuellar
30.3%
1996 ALCS Game 2Todd Zeile
30.3%
1996 ALCS Game 3Todd Zeile
30.3%
1996 ALCS Game 5Todd Zeile
30.3%
1983 ALCS Game 4Tito Landrum
28.9%
1983 World Series Game 1JIm Dwyer
28.9%
2012 ALDS Game 3Ryan Flaherty
27.6%
2014 ALCS Game 4Ryan Flaherty
27.6%
1997 ALDS Game 4Jeff Reboulet
21.1%
1979 World Series Game 3Benny Ayala
19.7%
1997 ALDS Game 1Geronimo Berroa
19.7%
1997 ALDS Game 4Geronimo Berroa
19.7%
1979 ALCS Game 4Pat Kelly
13.2%
1944 World Series Game 1 (as STL Brown)George McQueen
0%

You're not logged in!

Compare scores with friends on all Sporcle quizzes.
Join for Free
OR
Log In

You Might Also Like...

Show Comments

Extras

Top Quizzes Today


Score Distribution

Your Account Isn't Verified!

In order to create a playlist on Sporcle, you need to verify the email address you used during registration. Go to your Sporcle Settings to finish the process.

Report this User

Report this user for behavior that violates our Community Guidelines.

Details: